00523 a2200133 4500003000500000005001700005040000900022082001300031100001800044245005900062260003000121300001200151505022600163Nust20221221110722.0 cNust a180, TOM aE.W.F. Tomlin aThe Great philosophers the Eastern WorldcE.W.F.tomlin alondonbSkeffingtonc1952 a299 p.; aIntroduction (Page-15), The Egyptians (Page-23), Babylonia and Israel (Page-74), Zoroaster (Page-120), Hinduism (Page-138), The Buddha (Page-175), The Chinese Sages (Page-230), Mohammed (Page-258), Conclusion (Page-274).